Statistics for The Japan Quiz Without Clues

Click here to take the quiz!

General Stats

  • This quiz has been taken 30 times
  • The average score is 7 of 13

Answer Stats

Answer% Correct
Largest city: Tokyo
100%
City struck by an atomic bomb: Hiroshima
92%
Other city struck by an atomic bomb: Nagasaki
83%
Kurosawa made a movie about seven of these military noblemen: Samurai
79%
Highest mountain: Mount Fuji
67%
Former capital and site of a climate change protocol: Kyoto
63%
Former name of the largest city: Edo
50%
Emperor during WWII: Hirohito
42%
Japanese variety of animation: Anime
38%
Japanese variety of comics: Manga
38%
Most important political title until 1867: Shogun
21%
WWII suicide bombers: Kamikaze
17%
Japanese horseradish: Wasabi
13%

Score Distribution

Percentile by Number Answered

Percent of People with Each Score

Your Score History

You have not taken this quiz